Data acquisition for sensor systems (Record no. 301253)

000 -LEADER
fixed length control field 00365 a2200145 4500
001 - CONTROL NUMBER
control field 66180
082 ## - DEWEY DECIMAL CLASSIFICATION NUMBER
Classification number 621.3813222TAY
090 ## - LOCALLY ASSIGNED LC-TYPE CALL NUMBER (OCLC); LOCAL CALL NUMBER (RLIN)
-- 38470
-- 38470
100 ## - MAIN ENTRY--PERSONAL NAME
Personal name Taylor H. Rosemary
245 ## - TITLE STATEMENT
Title Data acquisition for sensor systems
260 ## - PUBLICATION, DISTRIBUTION, ETC.
Place of publication, distribution, etc. London
Name of publisher, distributor, etc. Chapman & Hall
Date of publication, distribution, etc. 1997
300 ## - PHYSICAL DESCRIPTION
Extent xvi, 327p
600 ## - SUBJECT ADDED ENTRY--PERSONAL NAME
Title of a work sensor systems
650 ## - SUBJECT ADDED ENTRY--TOPICAL TERM
Topical term or geographic name entry element sensor systems
942 ## - ADDED ENTRY ELEMENTS (KOHA)
Institution code [OBSOLETE] NUST-CAE
Call number prefix 621.3813222TAY
Holdings
Withdrawn status Lost status Damaged status Not for loan Collection code Permanent Location Current Location Date acquired Total Checkouts Full call number Barcode Date last seen Price effective from Koha item type
          College of Aeronautical Engineering (CAE) College of Aeronautical Engineering (CAE) 04/03/2017   621.3813222TAY CAEN-779 04/05/2017 04/05/2017 Book
© 2023 Central Library, National University of Sciences and Technology. All Rights Reserved.